Central Library OPAC University of Rajshahi

Botany : (Record no. 13167)

MARC details
000 -LEADER
fixed length control field 00927nam a2200277 a 4500
001 - CONTROL NUMBER
control field 13167
003 - CONTROL NUMBER IDENTIFIER
rucl marc code BD-RjUL
005 - DATE AND TIME OF LATEST TRANSACTION
control field 20211208235421.0
008 - FIXED-LENGTH DATA ELEMENTS--GENERAL INFORMATION
fixed length control field 140130r19651964us abc 001 0 eng d
035 ## - SYSTEM CONTROL NUMBER
System control number (BD-RjUL)13218
040 ## - CATALOGING SOURCE
Original cataloging agency DLC
Language of cataloging eng
Transcribing agency DLC
Modifying agency BD-RjUL
041 ## - LANGUAGE CODE
Language code of text/sound track or separate title eng
082 00 - DEWEY DECIMAL CLASSIFICATION NUMBER
Classification number 580
Author mark and year ROB 1965
100 1# - MAIN ENTRY--PERSONAL NAME
Personal name Robbins, Wilfred William,
Dates associated with a name 1884-1952.
9 (RLIN) 41003
245 10 - TITLE STATEMENT
Title Botany :
Remainder of title an introduction to plant science /
Statement of responsibility, etc. Wilfred W. Robbins, T. Elliot Weier [and] C. Ralph Stocking
250 ## - EDITION STATEMENT
Edition statement 3rd ed.
260 ## - PUBLICATION, DISTRIBUTION, ETC. (IMPRINT)
Place of publication, distribution, etc. New York ;
-- London :
Name of publisher, distributor, etc. Wiley,
Date of publication, distribution, etc. c1964 [Printing 1965, 1966].
300 ## - PHYSICAL DESCRIPTION
Pagination 614 p :
Illustrations illus., maps, port ;
Size 27 cm
500 ## - GENERAL NOTE
General note Fourth ed. (1970) by T. E. Weier and others.
General note Includes index.
650 #0 - SUBJECT ADDED ENTRY--TOPICAL TERM
Topical term or geographic name as entry element Botany.
9 (RLIN) 41004
700 1# - ADDED ENTRY--PERSONAL NAME
Personal name Stocking, C. Ralph,
Dates associated with a name 1913-
Personal name Weier, T. Elliot
Fuller form of name (Thomas Elliot),
Dates associated with a name 1903-
942 ## - ADDED ENTRY ELEMENTS (KOHA)
Source of classification or shelving scheme Dewey Decimal Classification
Koha item type Books
Holdings
Lost status Source of classification or shelving scheme Damaged status Not for loan Collection code Permanent Location Current Location Shelving location Date acquired Source of acquisition Cost, normal purchase price Total Checkouts Full call number Date last seen Copy number Koha item type
  Dewey Decimal Classification     Non-fiction Central Library, University of Rajshahi Central Library, University of Rajshahi   13/09/1967 Sweels & Zeitlinger 30.00   580 ROB 1965 30/01/2014 C-3 Books
  Dewey Decimal Classification   Not For Loan Non-fiction Central Library, University of Rajshahi Central Library, University of Rajshahi Reading Room 16/04/1968 Zeitlinger 87.00   580 ROB 1966 23/05/2017 C-1 Books
  Dewey Decimal Classification     Non-fiction Central Library, University of Rajshahi Central Library, University of Rajshahi   17/08/1967 Book Review 55.00   580 ROB 1966 23/05/2017 C-2 Books
  Dewey Decimal Classification     Non-fiction Central Library, University of Rajshahi Central Library, University of Rajshahi   16/04/1968 Zeitlinger 87.00   580 ROB 1966 23/05/2017 C-4 Books